Эффективность внедрения достижений науки и техники в управление городом.: сборник научных трудов

Detaylı Bibliyografya
Müşterek Yazar: Научно-производственное объединение по автоматизации управления городским хозяйством и вычислительным работам (НПО АСУ Москва)
Diğer Yazarlar: Черкасов Ю. М. (редактор)
Özet:Исключено из фонда НТБ ТПУ
Dil:Rusça
Baskı/Yayın Bilgisi: Москва, [Б. и.], 1986
Materyal Türü: MixedMaterials Kitap
KOHA link:https://koha.lib.tpu.ru/cgi-bin/koha/opac-detail.pl?biblionumber=256226

MARC

LEADER 00000nam0a2200000 4500
001 256226
005 20231031215411.0
035 |a (RuTPU)RU\TPU\book\278876 
090 |a 256226 
100 |a 20140407d1986 k y0rusy50 ca 
101 0 |a rus 
102 |a RU 
105 |a y z 001zy 
200 1 |a Эффективность внедрения достижений науки и техники в управление городом.  |e сборник научных трудов  |f Научно-производственное объединение по автоматизации управления городским хозяйством и вычислительным работам (НПО АСУ Москва) ; под ред. Ю. М. Черкасова 
210 |a Москва  |c [Б. и.]  |d 1986 
215 |a 67 с. 
333 |a Исключено из фонда НТБ ТПУ 
702 1 |a Черкасов  |b Ю. М.  |4 340 
712 0 2 |a Научно-производственное объединение по автоматизации управления городским хозяйством и вычислительным работам (НПО АСУ Москва) 
801 1 |a RU  |b 63413507  |c 20140407 
801 2 |a RU  |b 63413507  |c 20220304  |g RCR 
942 |c BK